Ben 10 Aliens Quiz Stats

 Plays Quiz not verified by Sporcle

Score 0/54 Timer 15:00
0 Plays Today
Show Alien % Correct
Ben 10Heatblast
84.8%
Ben 10Four Arms
82.4%
Ben 10Wildmutt
78.9%
Ben 10Diamondhead
77%
Ben 10XLR8
74.4%
Ben 10Grey Matter
73.4%
Ben 10 (Additional)Cannonbolt
73.4%
Ben 10Ghostfreak
72.6%
Ben 10Stinkfly
72.4%
Ben 10 (Additional)Way Big
70%
Ben 10Upgrade
69.7%
Ben 10Ripjaws
68%
Alien ForceSwampfire
67.7%
Ben 10 (Additional)Wildvine
66.4%
Alien ForceEcho Echo
64.5%
Alien ForceBig Chill
62.2%
Alien ForceAlien X
60.1%
Alien ForceSpidermonkey
59.7%
Ben 10 (Additional)Benwolf
59.5%
Ben 10 (Additional)Upchuck
58.6%
Alien ForceJetray
58.1%
Alien ForceGoop
57.4%
Ben 10 (Additional)Benmummy
56.5%
Ben 10 (Additional)Ditto
55%
Alien ForceChromastone
52.3%
Alien ForceBrainstorm
51.1%
Alien Force (Additional)Rath
50.9%
Show Alien % Correct
New Ultimate Alien AliensWaterhazard
50.5%
New Ultimate Alien AliensNRG
50.1%
Evolved AliensUltimate Swampfire
49.4%
Ben 10 (Additional)Eye Guy
48.2%
Evolved AliensUltimate Echo Echo
47.3%
Evolved AliensUltimate Big Chill
47.3%
Alien ForceHumungousaur
46.6%
Evolved AliensUltimate Spidermonkey
45.9%
Ben 10,000Spitter
45.7%
Alien SwarmNanomech
44.7%
New Ultimate Alien AliensTerraspin
44.2%
New Ultimate Alien AliensArmodrillo
44.1%
Ben 10,000Buzzshock
43%
Alien Force (Additional)Lodestar
42.5%
Evolved AliensUltimate Cannonbolt
41.7%
Race Against TimeEon
41.4%
Evolved AliensUltimate Humungousaur
39.7%
Ben 10 (Additional)Benvicktor
38.1%
New Ultimate Alien AliensAmpfibian
38.1%
Ben 10,000Arcticguana
33.1%
Mentioned In Ken 10Toepick
31.8%
Mentioned In Ken 10Atomix
25.9%
Mentioned In Ken 10Sandbox
24.7%
Mentioned In Ken 10Shellhead
21.1%
Mentioned In Ken 10Snakepit
21%
Power Of The OmnitrixRocks
19.5%
Power Of The OmnitrixSquidstrictor
16.4%

You're not logged in!

Compare scores with friends on all Sporcle quizzes.
OR
Log In

Show Comments

Extras

Top Quizzes Today


Score Distribution

Your Account Isn't Verified!

In order to create a playlist on Sporcle, you need to verify the email address you used during registration. Go to your Sporcle Settings to finish the process.

Report this User

Report this user for behavior that violates our Community Guidelines.

Details: